| 000 | 00743nam a2200205 a 4500 | ||
|---|---|---|---|
| 001 | 000986914 | ||
| 003 | AM-YeHGA | ||
| 005 | 20250617163213.0 | ||
| 008 | 131011s1960 ||||||||||||||||||||rus d | ||
| 040 | _aAM-YeHGA | ||
| 041 | 0 | _arus | |
| 100 | 1 | _aКракиновская, Елена Марковна | |
| 245 | 1 | 0 |
_aФизическая антисептика и лечение ран : _bОчерки по истории хирургии / _cЕ.М. Кракиновская . |
| 260 |
_aМосква : _bМедгиз, _c1960. |
||
| 300 | _a204 с. | ||
| 650 | 1 | 4 | _aИстория медицины 19 века |
| 650 | 1 | 4 | _aАнтисептики |
| 650 | 1 | 4 | _aРаны, хирургическая обработка |
| 090 | _c506024 | ||
| 999 |
_c502607 _d502607 |
||